000 00830nam a2200265 i 4500
001 C2-0233421
003 PPAK
005 20180728090601.0
008 010515s1964 xxua|||| ||||| | eng d
020 _a0890130884
040 _aPPAK
_beng
_cPPAK
_erda
082 0 4 _a728.0978953
_223
090 0 0 _a728.0978953
_bBUN
_dKSF
100 1 _aBunting, Bainbridge,
_eauthor
245 1 0 _aTaos adobes :
_bSpanish colonial and architecture of the Taos Vally
264 1 _aNew Mexico :
_bMuseum Of Mexico Press ,
_c1964
300 _a80 pages :
_billustrations ;
_c28 cm
336 _2rdacontent
_atext
337 _2rdamedia
_aunmediated
338 _2rdacarrier
_avolume
650 1 0 _aArchitecture, Spanish colonial - New Mexico - Taos - Region
700 _eauthor
700 1 _aFerris , Robert G.,
_eeditor
942 _ddc
_cB
999 _c152359
_d152359